000 00419nam a2200169Ia 4500
001 6402
003 IN-NITTTR
005 20251114233018.0
008 251113s9999||||xx |||||||||||||| ||eng||
040 _beng
040 _cIN-NITTTR
041 _aeng
082 _a690 B368B
100 _aBuilding Performance Research Unit,
245 0 _aBuilding performance. /
_cBuilding Performance Research Unit
942 _2ddc
_cBK
999 _c9040
_d9040